Близнецы Иван да Марья: роман

Sonraí bibleagrafaíochta
Príomhchruthaitheoir: Успенская Т. Л. Татьяна Львовна
Rannpháirtithe: Перевезенцев П. Ю. (иллюстратор)
Teanga:Rúisis
Foilsithe / Cruthaithe: Москва, Советский писатель, 1992
Ábhair:
Formáid: MixedMaterials LEABHAR
KOHA link:https://koha.lib.tpu.ru/cgi-bin/koha/opac-detail.pl?biblionumber=151070

MARC

LEADER 00000nam0a2200000 4500
001 151070
005 20231031150355.0
010 |a 5265018328 
020 |a RU  |b 92-34851 
035 |a (RuTPU)RU\TPU\book\163804 
090 |a 151070 
100 |a 20090119d1992 m y0rusy5003 ca 
101 0 |a rus 
102 |a RU 
105 |a a z 000ay 
200 1 |a Близнецы Иван да Марья  |e роман  |f Т. Л. Успенская  |g худож. П. Ю. Перевезенцев 
210 |a Москва  |c Советский писатель  |d 1992 
215 |a 411,[2] с.  |c ил.  |d 21 см 
610 1 |a семья 
610 1 |a русская литература 
610 1 |a романы 
675 |a Р2  |z rus  |v 3 
700 1 |a Успенская  |b Т. Л.  |g Татьяна Львовна  |4 070 
702 1 |a Перевезенцев  |b П. Ю.  |4 440 
801 0 |a RU  |b RuMRKP  |c 19950417  |g psbo 
801 1 |a RU  |b 63413507  |c 20090119  |g PSBO 
801 2 |a RU  |b 63413507  |c 20090610  |g PSBO 
942 |c BK